Emmy - Comedy Actor Quiz Stats

 Plays Quiz Updated Oct 5, 2019

Score 0/45 Timer 05:00
5 Plays Today
Year Actor % Correct
2008Alec Baldwin
86.6%
1994Kelsey Grammer
86.3%
1995Kelsey Grammer
86.3%
1998Kelsey Grammer
86.3%
2004Kelsey Grammer
86.3%
1986Michael J. Fox
85.2%
1987Michael J. Fox
85.2%
1988Michael J. Fox
85.2%
2000Michael J. Fox
85.2%
2002Ray Romano
79.6%
1990Ted Danson
79.1%
1993Ted Danson
79.1%
2014Jim Parsons
78.7%
2013Jim Parsons
78.4%
1996John Lithgow
70.1%
1997John Lithgow
70.1%
1999John Lithgow
70.1%
1982Alan Alda
70.1%
1984John Ritter
65.5%
2012Jon Cryer
62%
2009Alec Baldwin
58.9%
1977Carroll O'Connor
55.8%
1978Carroll O'Connor
55.8%
Year Actor % Correct
1979Carroll O'Connor
55.8%
2019Bill Hader
53%
1992Craig T. Nelson
52.6%
2003Tony Shalhoub
51.4%
2005Tony Shalhoub
51.4%
2006Tony Shalhoub
51.4%
2017Donald Glover
49%
2016Jeffrey Tambor
48%
2015Jeffrey Tambor
46.5%
2018Bill Hader
46.4%
2001Eric McCormack
42.2%
2007Ricky Gervais
41.7%
1975Tony Randall
40.3%
1981Judd Hirsch
40%
1983Judd Hirsch
40%
1991Burt Reynolds
40%
2010Jim Parsons
34.1%
2011Jim Parsons
30.1%
1980Richard Mulligan
24.8%
1989Richard Mulligan
24.8%
1985Robert Guillaume
23.1%
1976Jack Albertson
19.8%

You're not logged in!

Compare scores with friends on all Sporcle quizzes.
OR
Log In

Sporcle TV

Today on Sporcle TV


Watch our educational content, quiz creation guides, and fun videos on Sporcle TV.

Show Comments

Extras

Top Quizzes Today


Score Distribution

Your Account Isn't Verified!

In order to create a playlist on Sporcle, you need to verify the email address you used during registration. Go to your Sporcle Settings to finish the process.

Report this User

Report this user for behavior that violates our Community Guidelines.

Details: